[Event "Cappelle Online Bullet op"]
[Site "Europe Echecs INT"]
[Date "2021.03.05"]
[Round "9"]
[White "Maugenest, Ghislain"]
[Black "Fantinel, Thibault"]
[Result "0-1"]
[WhiteElo "2052"]
[BlackElo "2375"]
[PlyCount "102"]
[EventDate "2021.03.05"]
[EventType "swiss (blitz)"]
[EventRounds "15"]
[EventCountry "FRA"]
[SourceTitle "EXT 2022"]
[Source "ChessBase"]
[SourceDate "2021.10.06"]
[SourceVersion "1"]
[SourceVersionDate "2021.10.06"]
[SourceQuality "1"]

1. d4 Nf6 2. c4 b6 3. Nc3 Bb7 4. f3 d5 5. cxd5 Nxd5 6. e4 Nxc3 7. bxc3 e6 8. Be3 c5 9. Qd2 cxd4 10. cxd4 Nc6 11. Bb5 Be7 12. Ne2 0-0 13. 0-0 a6 14. Bxc6 Bxc6 15. Rfc1 Bb5 16. a4 Bxe2 17. Qxe2 Qd7 18. Qb2 b5 19. Rc2 Rfc8 20. Rac1 Rxc2 21. Qxc2 bxa4 22. Ra1 Rc8 23. Qxa4 Qxa4 24. Rxa4 Ra8 25. Kf2 Kf8 26. g4 Ke8 27. Kg3 Kd7 28. h4 Kc6 29. Ra5 Bd8 30. Rc5+ Kd7 31. h5 a5 32. Rc2 a4 33. f4 a3 34. Ra2 Be7 35. f5 Rb8 36. Bc1 Rb3+ 37. Kf4 Kc6 38. h6 gxh6 39. e5 Bg5+ 40. Ke4 Bxc1 41. Rc2+ Kb5 42. Rxc1 Kb4 43. fxe6 fxe6 44. d5 exd5+ 45. Kxd5 Rg3 46. e6 Rd3+ 47. Ke5 Re3+ 48. Kf6 Kb3 49. Kg7 Rxe6 50. Kxh7 Re4 51. Kxh6 Rxg4 0-1